Anta destino turístico del Perú : (Record no. 22339)

000 -CABECERA
fixed length control field 01094nam a22002417a 4500
003 - IDENTIFICADOR DEL NÚMERO DE CONTROL
control field AR-CdUCM
008 - DATOS DE LONGITUD FIJA--INFORMACIÓN GENERAL
fixed length control field 190429b ||||| |||| 00| 0 spa d
040 ## - FUENTE DE LA CATALOGACIÓN
Agencia/entidad que catalogó originalmente la obra MUNICIPALIDAD PROVINCIAL DEL CUSCO
Entidad que transcribió la catalogación BIBLIOTECA MUNICIPAL DEL CUSCO
082 ## - NÚMERO DE LA CLASIFICACIÓN DECIMAL DEWEY
No. de Clasificación Anta/N°1/2016
110 ## - ENTRADA PRINCIPAL--NOMBRE DE ENTIDAD CORPORATIVA
Nombre de la institución, jurisdicción como entrada principal Municipalidad Provincial de Anta
9 (RLIN) 44100
245 ## - MENCIÓN DE TÍTULO
Título Anta destino turístico del Perú :
Resto del título Revista informativa cultural turística /
Mención de responsabilidad Municipalidad Provincial de Anta
260 ## - PUBLICACIÓN, DISTRIBUCIÓN, ETC.
Lugar de publicación, distribución, etc. Cusco.
Nombre de la editorial, distribuidor, etc. Americana,
-- Municipalidad Provincial de Anta,
Fecha de publicación, distribución, etc. 2016.
300 ## - DESCRIPCIÓN FÍSICA
Nº de Páginas Extensión 80 páginas. :
Otros detalles físicos ilustraciones en color ;
Dimensiones 15x21 cm.
440 ## - MENCIÓN DE SERIE/PUNTO DE ACCESO ADICIONAL--TÍTULO
Título Anta.
Número de la parte/sección de una obra N°01, mayo 2016.
9 (RLIN) 47878
505 ## - NOTA DE CONTENIDO CON FORMATO
Nota de contenido formateada Contenido: El Apu Kunkunña. -- Sitio arqueológico Andenes de Zurite. -- Sitio arqueológico de Tumibamba, Killarumiyoq, Tarawasi, Qollmay, Markawasi, Choquechurco, Choquequirao.
650 ## - PUNTO DE ACCESO ADICIONAL DE MATERIA--TÉRMINO DE MATERIA
Descriptor Atractivos turísticos
9 (RLIN) 43106
650 ## - PUNTO DE ACCESO ADICIONAL DE MATERIA--TÉRMINO DE MATERIA
Descriptor Sitios arqueológicos
9 (RLIN) 7688
650 ## - PUNTO DE ACCESO ADICIONAL DE MATERIA--TÉRMINO DE MATERIA
Descriptor Historia de Anta
9 (RLIN) 44101
650 ## - PUNTO DE ACCESO ADICIONAL DE MATERIA--TÉRMINO DE MATERIA
Descriptor Provincia de Anta
9 (RLIN) 47879
700 ## - PUNTO DE ACCESO ADICIONAL--NOMBRE DE PERSONA
Nombre Personal Llacolla Huallparimachi, Justino Wiler
9 (RLIN) 44099
942 ## - ELEMENTOS DE PUNTO DE ACCESO ADICIONAL (KOHA)
Fuente de clasificación
Tipo de item Revistas cusqueñas
945 ## - PROCESAMIENTO DE INFORMACIÓN LOCAL (OCLC)
Catalogador rac
Holdings
Estado de retiro (separado) Fuente de clasificación o esquema de estanterías Estado dañado Ubicación Sala donde se ubica Nombre de la colección Fecha de adquisición o compra Costo, precio normal en soles Signatura topográfica Código de Barras Última vez visto (Koha) Tipo de ítem (Koha)
No     Sala Hemeroteca Sala Hemeroteca Book Cart 2022-04-19 2.00 Anta/N°1/2016 REVC000697 2022-04-19 Revistas cusqueñas

Powered by Koha